Statystyki dla Państwa byłej Jugosławii

Kliknij tutaj aby rozwiązać quiz!

Ogólne statystyki

  • Ten quiz został rozwiązany 206 razy
  • Średni wynik to 7 z 7

Statystyki odpowiedzi

Państwa% Poprawnych
Chorwacja
98%
Serbia
98%
Bośnia i Hercegowina
97%
Czarnogóra
93%
Kosowo
93%
Macedonia Północna
92%
Słowenia
90%

Rozkład punktacji

Percentyl według liczby udzielonych odpowiedzi

Procent ludzi z każdym wynikiem

Twoja historia wyników

Nie rozwiązałeś tego quizu